Mentiras históricas comúnmente creídas / (Record no. 12023)

MARC details
000 -LEADER
campo de control de longitud fija 00805nam a22002655i 4500
001 - NÚMERO DE CONTROL
campo de control 12023
003 - IDENTIFICADOR DE NÚMERO DE CONTROL
campo de control ES-MaACL
005 - FECHA Y HORA DE LA ÚLTIMA TRANSACCIÓN
campo de control 20230906150225.0
007 - CAMPO FIJO DE DESCRIPCIÓN FÍSICA--INFORMACIÓN GENERAL
campo de control de longitud fija t|
008 - DATOS DE LONGITUD FIJA--INFORMACIÓN GENERAL
campo de control de longitud fija 920429s1992 sp ||||0| spa j
020 ## - NÚMERO INTERNACIONAL ESTÁNDAR DEL LIBRO
Número Internacional Estándar del Libro 84-320-7912-X
040 ## - FUENTE DE CATALOGACIÓN
Centro catalogador/agencia de origen M-BN
Lengua de catalogación spa
Centro/agencia transcriptor M-BN
080 ## - NÚMERO DE LA CLASIFICACIÓN DECIMAL UNIVERSAL
Número de la Clasificación Decimal Universal 930.9(089.3)
100 1# - ENTRADA PRINCIPAL--NOMBRE DE PERSONA
Nombre de persona Vila-San-Juan, José Luis.
9 (RLIN) 114735
245 10 - MENCIÓN DEL TÍTULO
Título Mentiras históricas comúnmente creídas /
Mención de responsabilidad, etc. José Luis Vila-San-Juan.
250 ## - MENCION DE EDICION
Mención de edición [9ª ed.].
260 ## - PUBLICACIÓN, DISTRIBUCIÓN, ETC.
Lugar de publicación, distribución, etc. Barcelona :
Nombre del editor, distribuidor, etc. Planeta,
Fecha de publicación, distribución, etc. 1995.
300 ## - DESCRIPCIÓN FÍSICA
Extensión 279 p., [8] p. de lám ;
Dimensiones 21 cm.
490 1# - MENCIÓN DE SERIE
Mención de serie Memoria de la historia ;
Designación de volumen o secuencia 62
500 ## - NOTA GENERAL
Nota general Indice.
650 #4 - PUNTO DE ACCESO ADICIONAL DE MATERIA--TÉRMINO DE MATERIA
Término de materia o nombre geográfico como elemento de entrada Historia universal-
Subdivisión de forma Curiosidades.
9 (RLIN) 13431
830 0# - PUNTO DE ACCESO ADICIONAL DE SERIE-TÍTULO UNIFORME
Título uniforme Memoria de la historia ;
Designación de volumen o secuencia 62
9 (RLIN) 179012
852 ## - LOCALIZACIÓN
Ubicación ES-MaACL
Número de control de estantería L-19296
Sublocalización o colección R.125682
Holdings
Estatus retirado Estado de pérdida Estado de daño No para préstamo Biblioteca de origen Biblioteca actual Ubicación en estantería Fecha de adquisición Fuente de adquisición Total de préstamos Signatura topográfica completa Código de barras Visto por última vez Precio de reemplazo Tipo de ítem Koha
        Biblioteca del Ateneo de Madrid Biblioteca del Ateneo de Madrid Depósito 2 17/01/2008     L-19296 1012251 23/02/2023 23/02/2023 Libro impreso